000 00193nam a22000977a 4500
082 _a823
100 _aRADHAKRISHNA PUBLISHING
245 _aSPINNING MONEY
650 _aENGLISH STORY
942 _cBK
999 _c7691
_d7691